| 000 | 00669nam a2200241 i 4500 | ||
|---|---|---|---|
| 003 | DO-SdBNP | ||
| 005 | 20230928085152.0 | ||
| 006 | a||||fr|||| 00| 0 | ||
| 007 | ta | ||
| 008 | 230927q1983 dr a|||| |||| 00| 0 spa d | ||
| 040 |
_aDO-SdBNP _bspa _cBNPHU _erda |
||
| 082 | 4 |
_222 _bU588es |
|
| 110 |
_aUniversidad APEC _eautor _930673 |
||
| 222 | _a[leyes, etc.] | ||
| 245 | 1 | 0 |
_aAPEC: _bEstatutos generales: |
| 264 |
_a[Sin lugar] : _bCENAPEC, _c[1983] |
||
| 300 |
_a140 páginas : _c21 cm. |
||
| 336 |
_2rdacontent _atexto _btxt |
||
| 337 |
_2rdamedia _asin mediación _bn |
||
| 338 |
_2rdacarrier _avolumen _bnc |
||
| 590 | _aInventariado 2023 / MF | ||
| 942 |
_2ddc _cLBS1 |
||
| 999 |
_c54986 _d54986 |
||